Analysts’ and Investors’ Reactions to Consistent Earnings Signals (pages 1041–1074) (Record no. 311234)
[ view plain ]
| 000 -LEADER | |
|---|---|
| fixed length control field | 00507nam a2200133Ia 4500 |
| 008 - FIXED-LENGTH DATA ELEMENTS--GENERAL INFORMATION | |
| fixed length control field | 170221s9999 xx 000 0 und d |
| 100 ## - MAIN ENTRY--PERSONAL NAME | |
| Personal name | Caylor, Marcus L. |
| 245 ## - TITLE STATEMENT | |
| Title | Analysts’ and Investors’ Reactions to Consistent Earnings Signals (pages 1041–1074) |
| 245 ## - TITLE STATEMENT | |
| Statement of responsibility, etc | Marcus L. Caylor, Theodore E. Christensen, Peter M. Johnson and Thomas J. Lopez |
| 260 ## - PUBLICATION, DISTRIBUTION, ETC. (IMPRINT) | |
| Date of publication, distribution, etc | 2012 |
| 300 ## - PHYSICAL DESCRIPTION | |
| Extent | 32 : 5 |
| 650 ## - SUBJECT ADDED ENTRY--TOPICAL TERM | |
| General subdivision | Business |
| 856 ## - ELECTRONIC LOCATION AND ACCESS | |
| Uniform Resource Identifier | <a href="http://onlinelibrary.wiley.com/doi/10.1111/jbfa.2015.42.issue-9-10/issuetoc">http://onlinelibrary.wiley.com/doi/10.1111/jbfa.2015.42.issue-9-10/issuetoc</a> |
| Withdrawn status | Lost status | Damaged status | Home library | Current library | Date acquired | Total Checkouts | Date last seen | Price effective from | Koha item type |
|---|---|---|---|---|---|---|---|---|---|
| College Library | College Library | 02/21/2017 | 02/21/2017 | 02/21/2017 | Foreign e-journal articles |